000 00599nam a2200217 a 4500
001 0001-2197
003 ELIB.Books
008 190802 2010 eng
020 _a918542417X
092 _a280.042
_bMil
100 _aMillwood, David.
245 _aSomething to Share
260 _aInternational Study Department
_bSwedish Mission Council & Church of Sweden
_c1989
300 _a132
_c21cm
650 _aEcumenical Movement
856 _nKBTS Library
_uKBTS Elib
942 _2ddc
_cBK
990 _a1
998 _aEnglishbooks.elf
_ccat
_e2019-08-02
999 _c12197
_d12197